Quizzes
Events
Quiz Creation
Community
Videos
Private Events
Remove Ads
Sign In
Join for FREE
Feedback
Dark Mode
Quiz Categories
Sports
Geography
Music
Movies
Television
Just For Fun
Miscellaneous
History
Literature
Language
Science
Gaming
Entertainment
Religion
Holiday
For Kids
Quiz Lab
Recent
Popular Today
Quiz Kudos Today
Editor Picks
Curator Picks
Quizzes by...
Day
Popularity
Type
Ratings
Length
Year
Community
Subscriptions
Recent Discussions
Orange Saloon
Badges
Playlists
Quests
Create
Leaderboards
Showdown
Live 5
Trivia Bingo
Activity
Puzzle Library
Sporcle Events
Private Events
Virtual Trivia
Globe League
Become a Host
Pub Owners
SporcleCon
Opinionation
Our Games
Videos
Blog
Mobile Apps
Partnerships
Remove Ads and Go Orange
Feedback
Geography
Country
Landmarks
City
State
Population
World
Capital
Continent
Flags
Europe
Africa
Asia
South America
North America
Oceania
Border
Canada
United Kingdom
Topography
United States
Geography
Country
Landmarks
City
State
Population
World
Capital
Continent
Flags
Europe
Africa
Asia
South America
North America
Oceania
Border
Canada
United Kingdom
Topography
United States
Random Quiz
Search Sporcle
×
Quiz Lab
Quiz Lab
Geography
Orlando
Type in answers that appear in a list
Type in answers that appear in a list
Classic
Best Score? Go Orange.
Non-Stop Destinations From Orlando (MCO) Stats
Can you name the Non-Stop Destinations From Orlando (MCO)?
By
adamchappelle
10m
112 Questions
207 Plays
207 Plays
207 Plays
Comments
Comments
Give Quiz Kudos
Give Quiz Kudos
-
- Ratings
hide this ad
Replay
Link that replays current quiz
Next Quiz
Link to next quiz in quiz playlist
You Got
0%
They Got
Avg Score
64%
Avg Friend Score
Upgrade to see
Score Distribution
Jump to the score distribution portion of the page
Score
0/112
Timer
10:00
0
Plays Today
Airline(s)
% Correct
JetBlue, American, Delta, United
New York
95.7%
AirTran, Delta
Atlanta
94.2%
Delta, American
Miami
93.2%
SWA, United/
Continental
Houston
92.8%
Virgin America, Delta, United
Los Angeles
92.8%
Delta, JetBlue
Boston
92.3%
American, Spirit
Dallas
91.3%
Virgin Atlantic, British Airways
London
91.3%
Virgin America, United
San Francisco
90.3%
Alaska Airlines
Seattle
89.4%
AT, SWA, Spirit, UA, AA
Chicago
88.4%
JetBlue, United, AirTran
Washington
88.4%
JetBlue, Continental
Newark
87.4%
AirTran, US Airways, SWA`
Philadelphia
87.4%
Spirit, SWA, Delta, AirTran
Detroit
87%
United, Frontier, Southwest
Denver
86.5%
Southwest, US Airways
Phoenix
85%
Delta, Southwest
Las Vegas
84.5%
WestJet, Air Canada, Air Transat
Toronto
84.1%
JetBlue, Southwest
Austin
83.6%
AirTran, US Airways
Charlotte
83.6%
Southwest, AirTran
Pittsburgh
83.6%
Aeromexico
Mexico City
83.1%
Air Transat, Air Canada, WestJet
Montreal
82.6%
Air France
Paris
82.6%
Southwest
St Louis
82.6%
AirTran, Southwest
Baltimore
82.1%
United/
Continental
Cleveland
82.1%
Sun Country, Delta, AirTran
Minneapolis
82.1%
Southwest
New Orleans
82.1%
Frontier, Southwest
Kansas City
81.6%
Delta
Cincinnati
81.2%
Southwest
Albany
79.7%
Bahamasair, JetBlue
Nassau
79.7%
Delta
Memphis
78.7%
Lufthansa
Frankfurt
78.3%
Southwest
San Antonio
77.8%
Southwest, Delta, AirTran
Columbus
77.3%
Airline(s)
% Correct
WestJet
London
76.8%
Virgin Atlantic
Manchester
75.8%
Delta, Southwest
Raleigh
75.8%
Southwest
Birmingham
75.4%
Southwest
Jackson
74.4%
Southwest, JetBlue, AirTran
Buffalo
73.9%
Delta, AirTran, Southwest
Indianapolis
73.4%
Delta
Salt Lake City
73.4%
Southwest, Spirit
Fort Lauderdale
72.9%
Frontier, AirTran, SWA
Milwaukee
72.9%
Aer Lingus
Dublin
72.5%
Southwest
Providence
72%
AirTran
Portland
71%
AirTran, JetBlue
Richmond
70%
JetBlue, Southwest
Hartford
69.6%
WestJet
Calgary
69.1%
Southwest
Nashville
69.1%
Jet Blue
San Jose
68.6%
Delta, JetBlue
Cancun
68.1%
COPA
Panama City
68.1%
Southwest
Albuquerque
67.6%
Sunwing, Air Transat, Air Canada
Ottawa
66.7%
Southwest
Louisville
65.7%
JetBlue
Syracuse
65.2%
AirTran
Rochester
64.7%
AirTran
Charleston
64.3%
Avianca, JetBlue
Bogota
63.8%
Caribbean
Kingston
63.8%
Southwest
Norfolk
63.8%
AirTran, Spirit, JetBlue
San Juan
62.8%
TAM
Sao Paulo
62.3%
WestJet
Edmonton
61.8%
Frontier
Omaha
61.4%
Air Transat, WestJet, Air Canada
Halifax
58.9%
AirTran
Akron
58.5%
AirTran
Grand Rapids
57%
AirTran, Frontier
Knoxville
57%
Air Transat, Westjet
Winnipeg
56%
Airline(s)
% Correct
AirTran
Dayton
55.6%
Southwest
Fort Myers
55.6%
Virgin Atlantic
Glasgow
55.6%
JetBlue, AirTran
Montego Bay
55.6%
TACA
San Salvador
55.1%
Frontier
Des Moines
54.6%
AirTran
Key West
52.2%
Southwest
Manchester
52.2%
Continental
Pensacola
51.2%
JetBlue
Santo Domingo
49.8%
AirTran
Harrisburg
49.3%
Air Transat
Quebec
48.3%
Frontier
Madison
46.4%
AirTran
Huntsville
45.9%
Southwest
Greenville
44.9%
Southwest
Islip
44.4%
AirTran
Allentown
43%
JetBlue
Burlington
42.5%
Spirit
Atlantic City
41.5%
AirTran
Aruba
40.6%
VivaAerobus
Monterrey
40.1%
Caribbean Airlines
Port of Spain
39.6%
AirTran
Flint
39.1%
Sun Country
Lansing
37.2%
Westjet
St. John's
35.3%
JetBlue, AirTran
Westchester County
30.9%
Southwest
Panama City Beach
30%
AirTran
Hampton
29.5%
JetBlue
Newburgh
26.1%
JetBlue
Ponce
25.6%
AirTran
Bloomington
23.2%
JetBlue
Aguadilla
22.2%
AirTran
Branson
16.9%
WestJet
Moncton
14%
Continental
Marsh Harbour
13%
Spirit
Latrobe
12.1%
Quiz Playlist
Details
Report
Send in Message
Add To Playlist
Classic:
Type in answers that appear in a list
Quiz Source
Last Updated: Feb 16, 2017
Quiz Scoreboard
CHALLENGE
Sign Up to Join the Scoreboard
Show All
Scores
Hide
Comments
May contain spoilers
Recently Published
Billboard Blitz: Fleetwood Mac
by CooCooCachoo
Music
15s
Presidents Visiting Landmarks
by Hejman
History
7m
An Introduction to Baseball
by treessimontrees
Sports
5m
More to Explore
Quiz From the Vault
Featured Blog Post
Where Did the Easter Bunny Come From?
hide this ad
You Might Also Like...
Tags
Airline
destination
non-stop
Orlando
Today's Top Quizzes in Geography
Browse Geography
hide this ad
Today's Top Quizzes in Orlando
Browse Orlando
Top Contributed Quizzes in Geography
1
Countries of the World - No Outlines Minefield
2
Top 25 Cities of France on a map
3
Any capital of a 'B' country per Continent
4
Any capital of a 'C' country per Continent
5
Closest Countries to UK A-Z
6
Any capital of a 'D' country per Continent
7
5-to-1: US Geography No Hints
8
Any capital of an 'E' country per Continent
9
One Thing in Common: United Kingdom
10
Click the Alabama Counties! (Map)
Explore More
Trending Topics
Harry Potter
Marvel
Kpop
Disney
Anime
NBA
Crossword
The Office
Country
Song
Pokémon
WWE
Soccer
Puzzle
NFL
hide this ad
More By:
adamchappelle
Quiz
Plays
Rating
Category
Featured
Created
Colleges With a President and Super Bowl QB
2,174
4.00
History
May 24, 2011
NFL Passing TD's All-Time Top 100
815
4.27
Sports
Sep 22, 2011
NFL All-Time Top 100 Receiving Yards
794
3.50
Sports
Sep 24, 2011
BCS Teams Without A State In Their Name
593
3.13
Sports
Jun 15, 2010
Non-Stop Flights From Chicago O'Hare
571
5.00
Just For Fun
Jan 2, 2010
Go to Creator's Profile
Score Distribution
Quiz Creator Spotlight
adamchappelle
Follow
Send a Message
Quizzes Created
-
Created Quiz Play Count
-
More By This Creator
Popular Quizzes Today
1
Find the US States - No Outlines Minefield
2
Find the Countries of Europe - No Outlines Minefield
3
The Countries of the World
4
Find the US States
5
Risky Map Clicking: Biggest States A-Z
6
US States
7
Popular People in 1961
8
Movies - When Are They Set?
More Geography Quizzes
That's Not Me: Countries
Quiz Lab
Trending Quizzes
Risky Map Clicking: Least Populous States A-Z
1-10 Letter G Words
1-10 Letter F Words
Risky Map Clicking: Next State Alphabetically
Risky Map Clicking: Biggest States A-Z
Recently Updated
Leaping Animals
pecheneg
Reality TV Shows (A-Z)
bhenderson79
Rickey Henderson's Hall of Fame Teammates
pecheneg
Champions League XIs: Arsenal
pecheneg
Quick Pick: Celebrities in WWE's Hall of Fame
aduchscher
A-Z Keypad Blitz II
pecheneg
Multiple Oscar Actors
pecheneg
Mystery Phrase Blitz: Oscar 'Best Actors'
pecheneg
F. Scott Fitzgerald Novels
LTH
Pick 3 Villains
ddd62291
Trending Topics
Crossword
Marvel
Disney
Anime
Kpop
NBA
Harry Potter
Pokémon
WWE
Soccer
Country
Puzzle
The Office
Song
NFL
Your Account Isn't Verified!
In order to create a playlist on Sporcle, you need to verify the email address you used during registration. Go to your
Sporcle Settings
to finish the process.
Report this User
Report this user for behavior that violates our
Community Guidelines
.
Details:
Send Report
Go to the Sporcle.com Mobile Site →
Comments